| 000 | 00640pam a2200217 a 4500 | ||
|---|---|---|---|
| 001 | 2031757 | ||
| 005 | 20250303100732.0 | ||
| 008 | 920514s1993 ilua b 001 0 eng | ||
| 020 | _a0256103348 (alk. paper) | ||
| 050 | 0 | 0 |
_aHD39.5 _b.L43 1993 |
| 082 | 0 | 0 |
_a658.7/2 _220 |
| 100 | 1 | _aLeenders, Michiel R. | |
| 245 | 1 | 0 |
_aPurchasing and materials management / _cMichiel R. Leenders, Harold E. Fearon. |
| 250 | _a10th ed. | ||
| 260 |
_aHomewood, IL : _bIrwin, _cc1993. |
||
| 300 |
_a682 p. : _bill. ; _c24 cm. |
||
| 650 | 0 | _aIndustrial procurement. | |
| 650 | 0 | _aMaterials management. | |
| 700 | 1 | _aFearon, Harold E. | |
| 942 |
_2lcc _cBK _n0 |
||
| 999 |
_c4472 _d4472 |
||